Myslava sa rozrastie postavia štyri bytové domy

Podrobná bibliografia
Médium: Článok
Jazyk:slovenčina
Fyzický popis:Fotogr.
ISSN:1335-4566
Predmet:

MARC

LEADER 00000nab a2200000 a 4500
001 vtls009164433
003 SK-MaSNL
005 20260303063436.0
008 071203c20071203xo drz 0 0slo
038 |a KEVKJB 
040 |a KEVKJB  |b slo  |c KEVKJB  |e AACR2 
041 0 |a slo 
044 |a xo  |c SK 
080 |a 728.1  |2 2001 
245 0 0 |a Myslava sa rozrastie  |b postavia štyri bytové domy  |c [autor] (pod) 
300 |b Fotogr. 
650 0 7 |a bytová výstavba  |x lokality  |2 kevkjb  |9 1035697 
651 7 |a Košice (Slovensko)  |2 kevkjb  |9 18694 
651 7 |a Myslava (Košice II, Slovensko)  |2 kevkjb  |9 20247 
773 0 |t Košický Korzár  |g Roč. X, č. 277 (3.12.2007), s. 3  |x 1335-4566 
852 |a KEVKJB  |b KIS3GCP 
999 |c 1743057  |d 1744987